|
|
|
|
| LEADER |
00000naa2a2200000 4500 |
| 001 |
634384 |
| 005 |
20231229150915.0 |
| 035 |
|
|
|a (RuTPU)RU\TPU\conf\36169
|
| 035 |
|
|
|a RU\TPU\conf\36164
|
| 090 |
|
|
|a 634384
|
| 100 |
|
|
|a 20220531d2022 k y0rusy50 ca
|
| 101 |
0 |
|
|a rus
|
| 102 |
|
|
|a RU
|
| 105 |
|
|
|a y z 101zy
|
| 135 |
|
|
|a drgn ---uucaa
|
| 181 |
|
0 |
|a i
|
| 182 |
|
0 |
|a b
|
| 200 |
1 |
|
|a Смарт образование (Smart Education) как новая парадигма образования
|f М. А. Чмыхало, А. Ю. Чмыхало
|
| 203 |
|
|
|a Текст
|c электронный
|
| 225 |
1 |
|
|a Цифровизация, IT и цифровая экономика
|
| 300 |
|
|
|a Заглавие с титульного экрана
|
| 320 |
|
|
|a [Библиогр.: с. 101-102 (7 назв.)]
|
| 338 |
|
|
|b Российский научный фонд
|d 22-28-00061
|
| 463 |
|
0 |
|0 (RuTPU)RU\TPU\conf\36043
|t Молодежь и современные информационные технологии
|o сборник трудов XIX Международной научно-практической конференции студентов, аспирантов и молодых учёных, 21-25 марта 2022 г., г. Томск
|f Национальный исследовательский Томский политехнический университет, Инженерная школа информационных технологий и робототехники ; ред. кол. А. Ю. Дёмин, Н. Г. Марков, В. Г. Спицын [и др.]
|v [С. 100-102]
|d 2022
|
| 610 |
1 |
|
|a электронный ресурс
|
| 610 |
1 |
|
|a труды учёных ТПУ
|
| 610 |
1 |
|
|a смарт-образование
|
| 610 |
1 |
|
|a smart-education
|
| 610 |
1 |
|
|a умные технологии
|
| 610 |
1 |
|
|a информационные технологии
|
| 610 |
1 |
|
|a парадигмы
|
| 610 |
1 |
|
|a новые тенденции
|
| 700 |
|
1 |
|a Чмыхало
|b М. А.
|
| 701 |
|
1 |
|a Чмыхало
|b А. Ю.
|c философ
|c доцент Томского политехнического университета, кандидат философских наук
|f 1973-
|g Александр Юрьевич
|3 (RuTPU)RU\TPU\pers\25447
|9 11389
|
| 712 |
0 |
2 |
|a Национальный исследовательский Томский политехнический университет
|b Школа базовой инженерной подготовки
|b Отделение социально-гуманитарных наук
|3 (RuTPU)RU\TPU\col\23512
|
| 801 |
|
2 |
|a RU
|b 63413507
|c 20220608
|g RCR
|
| 856 |
4 |
|
|u http://earchive.tpu.ru/handle/11683/71171
|
| 942 |
|
|
|c BK
|